Scottish planning policy (SPP) (Record no. 109450)

MARC details
000 -LEADER
fixed length control field 01752cad a22002655a 4500
001 - CONTROL NUMBER
control field E147107
008 - FIXED-LENGTH DATA ELEMENTS--GENERAL INFORMATION
fixed length control field 090401s2009 xxk f s000 0 eng d
020 ## - INTERNATIONAL STANDARD BOOK NUMBER
International Standard Book Number 9780755975020
035 ## - SYSTEM CONTROL NUMBER
System control number (Sirsi) u147107
041 0# - LANGUAGE CODE
Language code of text/sound track or separate title eng
050 04 - LIBRARY OF CONGRESS CALL NUMBER
Classification number 711.1 $2 18
110 2# - MAIN ENTRY--CORPORATE NAME
Corporate name or jurisdiction name as entry element Scotland
Subordinate unit Scottish Government
9 (RLIN) 5344
245 00 - TITLE STATEMENT
Title Scottish planning policy (SPP)
Remainder of title consultative draft
Medium [electronic resource]
260 ## - PUBLICATION, DISTRIBUTION, ETC.
Place of publication, distribution, etc. Edinburgh
Name of publisher, distributor, etc. Scottish Government
Date of publication, distribution, etc. 2009
505 2# - FORMATTED CONTENTS NOTE
Formatted contents note Introduction -- Community engagement -- Sustainable development -- Subject policies: economic development; town centres and retailing; housing; rural development; coastal planning; fish farming; historic environment; landscape and natural heritage; open space and physical activity; green belts; transport; renewable energy; flooding and drainage; waste management; minerals; opencast coal; telecommunications -- Outcomes -- Annex 1: equalities impact assessment -- Annex 2: list of questions
520 ## - SUMMARY, ETC.
Summary, etc. The first part of the consolidated Scottish Planning Policy (SPP) was issued in October 2008 and concerned the core principles, aims and expectations for the planning system. This consultation relates to the last part of the SPP, and deals with community engagement, sustainable development, and policies currently expressed through 17 individual SPPs and NPPGs, together with the outcomes of the planning process.
520 ## - SUMMARY, ETC.
Summary, etc. Deadline for comments is 24 June 2009.
521 ## - TARGET AUDIENCE NOTE
Target audience note Advanced
590 ## - LOCAL NOTE (RLIN)
Local note KA
650 ## - SUBJECT ADDED ENTRY--TOPICAL TERM
Topical term or geographic name entry element SCOTTISH PLANNING POLICY
651 #4 - SUBJECT ADDED ENTRY--GEOGRAPHIC NAME
Geographic name Scotland
Chronological subdivision 1999-
690 ## - LOCAL SUBJECT ADDED ENTRY--TOPICAL TERM (OCLC, RLIN)
Topical term or geographic name as entry element Planning and development
9 (RLIN) 6259
856 40 - ELECTRONIC LOCATION AND ACCESS
Uniform Resource Identifier <a href="https://www.scotland.gov.uk/Publications/2009/04/01104650/0">https://www.scotland.gov.uk/Publications/2009/04/01104650/0</a>
Public note View the consultation free of charge at www.scotland.gov.uk...
942 ## - ADDED ENTRY ELEMENTS (KOHA)
Suppress in OPAC 0
Holdings
Withdrawn status Lost status Source of classification or shelving scheme Damaged status Not for loan Home library Current library Shelving location Date acquired Total Checkouts Full call number Barcode Date last seen Copy number Price effective from Koha item type
    Dewey Decimal Classification     Virtual Virtual Online 01/04/2009   ONLINE PUBLICATION 147107-2001 06/08/2019 1 06/08/2019 Book